000 00265nam a2200109Ia 4500
008 220713s9999 xx 000 0 und d
020 _a717292789
082 _aJ 170.3 ETHI
100 _aNo author, editors only
245 0 _aEthics and Values: Vol 4
942 _cBK
_w561
_xJohn Tresidder
_y561
_zJohn Tresidder
999 _c707305
_d707304